WWE Wrestler Nicknames - Statistiken

Allgemein
  • Dieses Quiz wurde 594 mal gespielt
  • Das Durchschnittsergebnis liegt bei 22 aus 30
Antwortstatistiken
Hint Antwort % Korrekt
The Celtic Warrior Sheamus
89%
The Big Red Machine Kane
88%
The Game Triple H
88%
The Viper Randy Orton
87%
Latino Heat Eddie Guerrero
86%
The World´s Strongest Man Mark Henry
86%
The Heartbreak Kid Shawn Michaels
85%
The Olympic Gold Medalist Kurt Angle
84%
The Macho Man Randy Savage
84%
The Hitman Bret Hart
83%
The Tribal Chief Roman Reigns
83%
The Phenomenal One AJ Styles
82%
The American Nightmare Cody Rhodes
81%
The Animal Batista
80%
The Beast Incarnate Brock Lesnar
80%
The Nature Boy Ric Flair
79%
The Rated R Superstar Edge
76%
The Texas Rattlesnake Steve Austin
75%
The Eigth Wonder of the World Andre the Giant
74%
The American Dream Dusty Rhodes
74%
The People´s Champ The Rock
74%
Y2J Chris Jericho
72%
Doctor of Thuganomics John Cena
72%
Big Daddy Cool Kevin Nash
66%
The Best in the World CM Punk
65%
Captain Charisma Christian Cage
56%
The Bad Guy Scott Hall
55%
The Phenom The Undertaker
54%
The American Dragon Daniel Bryan
45%
Charismatic Enigma Jeff Hardy
45%
Keine übereinstimmenden Quizze gefunden
Verteilung der Resultate
Anzahl Personen mit jedem Resultat
Perzentil nach korrekt beantworteten Fragen
Ihre Resultats-Entwicklung
Sie haben dieses Quiz noch nicht gespielt